L'Agglomération de Montréal - Statistiques

Statistiques générales
  • Ce quiz a été pris 30 fois
  • Le résultat moyen est 4 sur 16
Statistiques - réponses
Populations Municipalités % Correct
1 792 000 Montréal
96%
19 302 Dorval
39%
20 953 Mont-Royal
39%
19 658 Westmount
39%
4 394 Montréal-Est
35%
5 115 Montréal-Ouest
30%
19 277 Beaconsfield
26%
3 764 Baie-D'Urfé
22%
48 403 Dollard-des-Ormeaux
22%
33 488 Pointe-Claire
17%
34 504 Côte-Saint-Luc
13%
19 413 Kirkland
13%
5 027 Sainte-Anne-de-Bellevue
13%
951 Senneville
13%
7 037 Hampstead
9%
10 L'Île-Dorval
9%
Aucun quiz correspondant
Distribution des résultats
% des personnes avec chaque résultat
Percentile par nombre de réponses
Votre historique - résultats
Vous n’avez pas pris ce quiz